Statistics for この観光列車、どの3セク?

Click here to take the quiz!

General Stats

  • This quiz has been taken 49 times
  • The average score is 9 of 15

Answer Stats

列車名会社名% Correct
とやま絵巻あいの風とやま鉄道
98%
おれんじ食堂肥薩おれんじ鉄道
98%
雪月花えちごトキめき鉄道
93%
志国土佐 時代トキの夜明けのものがたり(JRからの直通)土佐くろしお鉄道
91%
花嫁のれん(JR及びのと鉄道からの直通)IRいしかわ鉄道
91%
お座トロ展望列車会津鉄道
63%
ドラえもんトラム万葉線
63%
レストラン・キハいすみ鉄道
52%
ねおがわ樽見鉄道
46%
おくひだ号神岡鉄道
41%
酒のあで雪見列車青い森鉄道
39%
夢やすらぎ号井原鉄道
35%
自然薯列車明知鉄道
35%
ことこと列車平成筑豊鉄道
28%
あまつぼし智頭急行
26%

Score Distribution

Percentile by Number Answered

Percent of People with Each Score

Your Score History

You have not taken this quiz